| 000 | 00780 a2200301 4500 | ||
|---|---|---|---|
| 001 | 109799 | ||
| 020 | _a0064440931 (pbk.) | ||
| 041 | _aeng | ||
| 082 | _a[E] | ||
| 100 | _aHoban, Lillian. | ||
| 250 | _a. ed. | ||
| 300 | _a63 p. | ||
| 490 | _aI can read book | ||
| 697 | _aBabysitters - Fiction. | ||
| 697 | _aCourage - Fiction. | ||
| 697 | _aSiblings - Fiction. | ||
| 697 | _aBrothers and sisters - Fiction. | ||
| 697 | _aReaders (Elementary) | ||
| 697 | _aTeeth - Fiction. | ||
| 697 | _aChimpanzees - Fiction. | ||
| 830 | _aI can read book | ||
| 856 | _u000005/00000585.jpg | ||
| 040 |
_aBR-BrIDEA _cBR-BrIDEA |
||
| 090 |
_aYear 3 [E] _bHOB |
||
| 245 | 1 | 0 |
_aArthur's loose tooth _c Lillian Hoban |
| 260 |
_aNew York _bHarperCollins _c1985 |
||
| 942 | _cBK | ||
| 999 |
_c109799 _d109799 |
||